Advances in functional rubber and elastomer composites (Record no. 75792)
[ view plain ]
| 000 -LEADER | |
|---|---|
| fixed length control field | 00563nam a22001577a 4500 |
| 041 ## - LANGUAGE CODE | |
| Language code of text/sound track or separate title | e book |
| 100 ## - MAIN ENTRY--AUTHOR NAME | |
| Personal name | ALAM. Md Najib, Ed. |
| 245 ## - TITLE STATEMENT | |
| Title | Advances in functional rubber and elastomer composites |
| 246 ## - VARYING FORM OF TITLE | |
| Title proper/short title | Special issue Reprint |
| 260 ## - PUBLICATION, DISTRIBUTION, ETC. (IMPRINT) | |
| Place of publication | Basel, Switzerland |
| Name of publisher | MDPI AG |
| Year of publication | 2024 |
| 300 ## - PHYSICAL DESCRIPTION | |
| Number of Pages | 318p. |
| 650 ## - SUBJECT ADDED ENTRY--TOPICAL TERM | |
| Topical Term | functional rubbercomposites and elastomer composites |
| -- | elastomer composites |
| 856 ## - ELECTRONIC LOCATION AND ACCESS | |
| Uniform Resource Identifier | https://mdpi-res.com/bookfiles/book/9512/Advances_in_Functional_Rubber_and_Elastomer_Composites.pdf?v=1770257410 |
| 942 ## - ADDED ENTRY ELEMENTS (KOHA) | |
| Koha item type | e-Book |
| Withdrawn status | Lost status | Damaged status | Not for loan | Home library | Current library | Date acquired | Source of acquisition | Koha item type |
|---|---|---|---|---|---|---|---|---|
| RRII Library | RRII Library | 05/02/2026 | Directory of open access books | e-Book |